000 00668cam a22001934a 4500
020 _a0471495212 (alk. paper)
020 _a0471892750 (alk. paper)
040 _cDLC
082 0 0 _a910 WIL 2001 A099 Co.
245 0 0 _aGeographic information systems and science /
260 _aChichester ;
_aNew York :
_bWiley,
_cc2001.
300 _axviii, 454 p. :
_bill. (some col.), maps (some col.) ;
_c26 cm.
650 0 _aGeographic information systems.
650 0 _aProblem solving.
700 1 _aLongley, Paul.
856 4 2 _uhttp://www.loc.gov/catdir/description/wiley034/2001017870.html
856 4 _uhttp://www.loc.gov/catdir/toc/onix06/2001017870.html
942 _cEK
999 _c11766
_d11766